000 00380 a2200133 4500
005 20250523151617.0
020 _a0-8442-2964-4
082 _a658. 8 BIN
100 _aBINGHAM, F. G.
245 _aBusiness Marketing Management
260 _aIllinois,
_bNTC Business Book,
_c1998.
300 _axxiii, 632p.: ill.; table.
_bBibliographical references, index.
_c24cm.
942 _2ddc
_cBKS
999 _c2582
_d2582